| 000 | 00666nam a2200229 i 4500 | ||
|---|---|---|---|
| 001 | bg | ||
| 100 | 1 | _aRACIŃSKI, Artur | |
| 245 | 1 | 0 |
_aSprawozdania finansowe jednostek powiązanych : _bprzykłady i komentarze / _cArtur Raciński. |
| 260 |
_aWarszawa : _bPolska Akademia Rachunkowości, _c2004. |
||
| 300 |
_a279 s. ; _c25 cm. |
||
| 490 | 1 | _aPraktyczna Edukacja | |
| 650 | 9 |
_aFinanse _xsprawozdawczość |
|
| 655 | _aPodręczniki | ||
| 830 | _aPraktyczna Edukacja | ||
| 020 | _a839209319 | ||
| 040 | _cBPK | ||
| 041 | 0 | _apol | |
| 080 | _a657.62/.63:658.14/.17](07) | ||
| 920 | _a83-92093-1-9 | ||
| 942 | _cKS | ||
| 008 | s pl f |000 0 pol | ||
| 999 |
_c51422 _d51422 |
||
| 856 |
_uhttp://koha.tu.koszalin.pl/cgi-bin/koha/opac-detail.pl?biblionumber=51422 _yKatalog online BPK |
||